[Event "XXX Open"]
[Site "Seville ESP"]
[Date "2005.01.09"]
[Round "3"]
[White "Delgado Serrano,A"]
[Black "Rodriguez Guerrero,E"]
[Result "0-1"]
[WhiteElo "2150"]
[BlackElo "2433"]

1.Nf3 d5 2.g3 Nf6 3.Bg2 Bg4 4.O-O Nbd7 5.d3 c6 6.Nbd2 e5 7.e4 dxe4 8.dxe4 Be7
9.h3 Bh5 10.Qe2 O-O 11.a4 Re8 12.Nc4 Bf8 13.b3 Nc5 14.Bb2 Bxf3 15.Bxf3 Nfd7
16.Rfd1 Qc7 17.Rd2 a5 18.Rad1 Nf6 19.Kg2 h6 20.h4 Re6 21.Bg4 Nxg4 22.Qxg4 b5
23.axb5 cxb5 24.Ne3 b4 25.Qf5 Rae8 26.Nd5 Qb7 27.h5 Qc6 28.Qf3 Rb8 29.Qe2 Nb7
30.c3 Nc5 31.cxb4 axb4 32.Qc4 Qa6 33.Nc7 Qxc4 34.bxc4 Rc6 35.Bxe5 Nxe4 36.Rd7 Rxc4
37.Ne6 Re8 38.Nxf8 Kxf8 39.Bf4 Rc2 40.Be3 Nc3 41.Bc5+ Kg8 42.Rd8 Nxd1 43.Rxe8+ Kh7
44.Bxb4 Rxf2+ 45.Kh3 Rf5 46.g4 Rf3+ 47.Kg2 Rf4 48.Bd2 Rf2+  0-1

[Event "Extraliga CZE 2004-5"]
[Site "Czech Rep CZE"]
[Date "2005.01.15"]
[Round "5"]
[White "Gross,St"]
[Black "Petr,Ma"]
[Result "0-1"]
[WhiteElo "2274"]
[BlackElo "2266"]

1.Nf3 d5 2.g3 Nf6 3.Bg2 e6 4.d3 b6 5.Nbd2 Bb7 6.O-O Bc5 7.c4 O-O 8.a3 Be7
9.b3 c5 10.Bb2 d4 11.b4 Qc7 12.Rb1 e5 13.bxc5 bxc5 14.Ba1 Bc6 15.e4 Ne8 16.Ne1 Bd6
17.Bh3 g6 18.Ng2 Ng7 19.f4 f6 20.fxe5 fxe5 21.Rxf8+ Kxf8 22.Nf3 Qe7 23.Qd2 Kg8
24.Qh6 Nd7 25.Ng5 Nf6 26.Rf1 Rb8 27.Nh4 Be8 28.Kg2 Rb3 29.Rf2 Rxd3 30.Bb2 Rd1
31.Nxh7 Nxh7 32.Nxg6 Qg5  0-1

[Event "TCh-SWE Elitserien 2004-5"]
[Site "Sweden SWE"]
[Date "2005.01.15"]
[Round "6"]
[White "Hamark,J"]
[Black "Holmsgaard,H"]
[Result "1/2-1/2"]
[WhiteElo "2222"]
[BlackElo "2292"]

1.Nf3 d5 2.g3 Bg4 3.Bg2 Nd7 4.h3 Bh5 5.c4 e6 6.cxd5 exd5 7.O-O Ngf6 8.Nc3 c6
9.d3 Bc5 10.a3 a5 11.e4 dxe4 12.dxe4 O-O 13.Bf4 Re8 14.Qb3 Qb6 15.Qc2 Bf8
16.Nh4 Nc5 17.Be3 Qb3 18.Qxb3 Nxb3 19.Rae1 Nd7 20.g4 Be7 21.Nf5 Bg6 22.Nxe7+ Rxe7
23.f4 f6 24.h4 Ndc5 25.Bxc5 Nxc5  1/2-1/2

[Event "It"]
[Site "Montreal CAN"]
[Date "2005.01.17"]
[Round "3"]
[White "Hebert,J"]
[Black "Mikhalevski,V"]
[Result "0-1"]
[WhiteElo "2410"]
[BlackElo "2553"]

1.Nf3 d5 2.g3 c5 3.Bg2 Nf6 4.O-O Nc6 5.c4 d4 6.d3 g6 7.e4 Bg7 8.Nh4 e5 9.h3 O-O
10.a3 Kh8 11.b4 a6 12.Qe1 Nh5 13.Nf3 f5 14.exf5 gxf5 15.Ra2 e4 16.Nh4 e3
17.fxe3 Ne5 18.Rd2 dxe3 19.Qxe3 f4 20.gxf4 Nc6 21.Bxc6 bxc6 22.Ng2 Ra7  0-1

[Event "Open"]
[Site "Geneva SUI"]
[Date "2005.01.22"]
[Round "1"]
[White "Gerber,R"]
[Black "Jagstaidt,P"]
[Result "1-0"]
[WhiteElo "2378"]
[BlackElo "2083"]

1.Nf3 d5 2.g3 g6 3.Bg2 Bg7 4.d4 Nf6 5.c4 e6 6.O-O O-O 7.Qb3 b6 8.cxd5 exd5
9.Nc3 Nc6 10.Bf4 Na5 11.Qa4 Bd7 12.Qd1 Bc6 13.Ne5 Bb7 14.Qa4 Nh5 15.Rad1 Nxf4
16.gxf4 f6 17.Ng4 Nc4 18.Qc2 Qd6 19.Qc1 h5 20.b3 Na5 21.Ne3 c6 22.Qb1 f5
23.b4 Nc4 24.Nxc4 dxc4 25.e3 Rf7 26.a3 Rd8 27.Rc1 Bc8 28.Rfd1 Rfd7 29.b5 Bb7
30.Qa2 Qe6 31.bxc6 Bxc6 32.d5 Bxc3 33.dxe6 Rxd1+ 34.Rxd1 Rxd1+ 35.Bf1 Be4
36.Qxc4 Bd3 37.Qc8+ Kh7 38.Qxc3 Bxf1 39.f3 Bc4+ 40.Kf2 Bxe6 41.Qe5 Bg8 42.Qe7+  1-0

[Event "Zimski Winter Open"]
[Site "Belgrade SCG"]
[Date "2005.01.23"]
[Round "2"]
[White "Milicevic,P"]
[Black "Dimitrijevic,Mir"]
[Result "1-0"]
[WhiteElo "2205"]
[BlackElo "2081"]

1.Nf3 d5 2.g3 Nf6 3.Bg2 c6 4.O-O Nbd7 5.d3 e5 6.Nbd2 Be7 7.e4 dxe4 8.dxe4 O-O
9.Qe2 Qc7 10.a4 a5 11.b3 b5 12.Bb2 Re8 13.Rfc1 Ba6 14.Qe1 Bb4 15.Bf1 Qb6
16.c3 Bc5 17.h3 Rad8 18.Rc2 Bb7 19.Qe2 Ba6 20.Kg2 Ra8 21.Qe1 h6 22.Bc1 Kh7
23.Rb1 Bf8 24.c4 b4 25.Nh4 g6 26.Bd3 Qd4 27.Bf1 Nc5 28.Nhf3 Qd6 29.Bb2 Rad8
30.Qe3 Bc8 31.Ba1 Bg7 32.Kg1 Nh5 33.Nh4 Bf6 34.Ndf3 Qe7 35.Kh2 g5 36.Nf5 Bxf5
37.exf5 Bg7 38.Be2 e4 39.Nd4 Nf4 40.Nxc6 Qd6 41.Nxd8 Rxd8 42.Bxg7 Kxg7 43.Rd1 Nfd3
44.f3  1-0

[Event "It"]
[Site "Chernigov UKR"]
[Date "2005.01.24"]
[Round "3"]
[White "Sushchev,A"]
[Black "Chokhonelidze,G"]
[Result "1/2-1/2"]
[WhiteElo "2320"]
[BlackElo "2300"]

1.Nf3 d5 2.g3 c6 3.Bg2 Nf6 4.O-O Bf5 5.d3 h6 6.Nbd2 Nbd7 7.c4 e6 8.b3 Be7
9.Bb2 O-O 10.Qc2 a5 11.h3 a4 12.e4 dxe4 13.dxe4 Bh7 14.Rfe1 Qc7 15.Bd4 axb3
16.axb3 e5 17.Bc3 Rfe8 18.Rxa8 Rxa8 19.Ra1 Rxa1+ 20.Bxa1 Bb4 21.Bb2 Qa5 22.Bf1 Qa2
23.Bd3  1/2-1/2

[Event "Open"]
[Site "Geneva SUI"]
[Date "2005.01.24"]
[Round "3"]
[White "Hanouna,D"]
[Black "Fairbairn,S"]
[Result "0-1"]
[WhiteElo "2087"]
[BlackElo "2052"]

1.Nf3 d5 2.g3 Nf6 3.Bg2 g6 4.c4 c6 5.b3 Bg7 6.Bb2 O-O 7.O-O Be6 8.d3 Qc8
9.Re1 Rd8 10.Nbd2 Bh3 11.Bh1 Na6 12.Rc1 Nc7 13.cxd5 Ncxd5 14.a3 Nc7 15.b4 Be6
16.a4 a6 17.Nc4 Bxc4 18.Rxc4 Nfe8 19.Bxg7 Nxg7 20.Qb3 Qd7 21.Rf4 Qe6 22.Qb2 f6
23.Bg2 Nd5 24.Rh4 Qf7 25.b5 Nf5 26.Rh3 Nd6 27.bxc6 bxc6 28.Nd4 Rac8 29.Rc1 c5
30.Qb3 Nb4 31.Ne6 c4 32.Qxb4 Qxe6 33.dxc4 Rxc4 34.Qd2 Nf7 35.Qb2 Rxc1+ 36.Qxc1 Qxe2
37.Bf1 Rd1 38.Qc8+  0-1

[Event "Zimski Winter Open"]
[Site "Belgrade SCG"]
[Date "2005.01.25"]
[Round "3"]
[White "Mihajlovic,M"]
[Black "Klasan,V"]
[Result "0-1"]
[WhiteElo "2247"]
[BlackElo "2157"]

1.Nf3 d5 2.g3 Nf6 3.Bg2 c6 4.O-O Bg4 5.c4 e6 6.Qc2 Nbd7 7.b3 Bd6 8.Bb2 O-O
9.d3 Qe7 10.h3 Bh5 11.a3 a5 12.Re1 Rfd8 13.Nbd2 e5 14.Nh4 Bg6 15.Nxg6 hxg6
16.cxd5 cxd5 17.Qb1 Bc5 18.Ra2 Qd6 19.e3 Re8 20.Ra1 Rac8 21.Qd1 Bb6 22.Nf3 e4
23.Ng5 Nc5 24.dxe4 Ncxe4 25.Nxe4 Nxe4 26.Rc1 Qe6 27.Re2 Rxc1 28.Qxc1 Rc8
29.Rc2 Rxc2 30.Qxc2 Nxf2 31.Qc3 d4 32.exd4 Nd1 33.Qc2 Qe3+ 34.Kh2 Nxb2 35.Qxb2 Bxd4
36.Qb1 Be5 37.Qd1 Qxg3+ 38.Kg1 Qe3+ 39.Kh1 Qf4  0-1

[Event "IMA1"]
[Site "Marianske Lazne CZE"]
[Date "2005.01.27"]
[Round "6"]
[White "Van der Weide,K"]
[Black "Wiley,To"]
[Result "1-0"]
[WhiteElo "2490"]
[BlackElo "2208"]

1.Nf3 d5 2.g3 c6 3.Bg2 Nf6 4.O-O Bg4 5.d3 Nbd7 6.Nbd2 e5 7.e4 dxe4 8.dxe4 Bc5
9.h3 Bxf3 10.Qxf3 h5 11.Nc4 h4 12.b4 Be7 13.Bb2 Qc7 14.Qc3 hxg3 15.fxg3 Nh5
16.a4 f6 17.a5 O-O 18.Qf3 g6 19.Qg4 Kh7 20.Rad1 Rad8 21.Bf3 Kg7 22.Kg2 Bxb4
23.Qh4 Be7 24.Bxh5 Rh8 25.g4 gxh5 26.gxh5 Kh7 27.Kh2 Rhg8 28.Qf2 Rg5 29.Bc1 Rxh5
30.Qf3 Rh4 31.Bg5 fxg5 32.Qf7+ Kh8 33.Qxe7 Rh7 34.Rf7 Rxf7 35.Qxf7  1-0

[Event "10th HIT Open A"]
[Site "Nova Gorica SLO"]
[Date "2005.01.28"]
[Round "1"]
[White "Saric,A"]
[Black "Spelec,D"]
[Result "1-0"]
[WhiteElo "2447"]
[BlackElo "2078"]

1.Nf3 d5 2.g3 c6 3.Bg2 e6 4.O-O Bd6 5.d4 f5 6.Nbd2 Nf6 7.Ne5 O-O 8.Ndf3 Qe7
9.c4 Bd7 10.Bf4 Be8 11.Qb3 Bh5 12.c5 Bxe5 13.Bxe5 Ne4 14.Rfe1 Bxf3 15.exf3 Nd2
16.Qc3 Nc4 17.Bf4 Re8 18.a4 b6 19.a5 Nd7 20.axb6 axb6 21.b3 g5 22.Rxa8 Rxa8
23.Bxg5 Qxg5 24.bxc4 Qf6 25.cxb6 Nxb6 26.cxd5 exd5 27.Rc1 Nc4 28.Bf1 Rd8
29.Bxc4 dxc4 30.Qxc4+ Kg7 31.Qxc6 Qxc6 32.Rxc6 Rxd4 33.Kg2 f4 34.g4 Rb4 35.Re6  1-0

[Event "Open"]
[Site "Geneva SUI"]
[Date "2005.01.29"]
[Round "8"]
[White "Vuilleumier,A"]
[Black "Masserey,Y"]
[Result "0-1"]
[WhiteElo "2280"]
[BlackElo "2320"]

1.Nf3 d5 2.g3 g6 3.Bg2 Bg7 4.d4 Nc6 5.c3 Bg4 6.h3 Bxf3 7.Bxf3 Qd7 8.e4 e6
9.O-O Nge7 10.Na3 f6 11.Kg2 O-O-O 12.Qa4 Kb8 13.b4 Nc8 14.exd5 exd5 15.b5 N6e7
16.Qb3 h5 17.c4 h4 18.g4 dxc4 19.Nxc4 Nd5 20.a4 Bh6 21.Be3 Qf7 22.Rfb1 Bxe3
23.fxe3 Rhe8 24.a5 Qe6 25.b6 cxb6 26.axb6 axb6 27.Kf2 Nd6 28.Bxd5 Qxd5 29.Nxd6 Qxd6
30.Rg1 Qh2+ 31.Rg2 Qxh3 32.Qc3 Rc8 33.Qd3 Rxe3 34.Qxg6 Re2+ 35.Kxe2 Qxg2+
36.Ke3 Rc3+ 37.Kf4 Qf3+  0-1

[Event "Bundesliga 2004-5"]
[Site "Hofheim GER"]
[Date "2005.01.29"]
[Round "8"]
[White "Hickl,J"]
[Black "Johannessen,LE"]
[Result "1-0"]
[WhiteElo "2530"]
[BlackElo "2519"]

1.g3 d5 2.Nf3 Nf6 3.c4 e6 4.Bg2 Be7 5.b3 O-O 6.Bb2 c5 7.O-O Nc6 8.e3 b6 9.Nc3 dxc4
10.bxc4 Bb7 11.Qe2 Nb4 12.d4 cxd4 13.exd4 Rc8 14.Rfd1 Re8 15.Rac1 Bf8 16.a3 Nc6
17.Ne5 Qc7 18.Nb5 Qb8 19.c5 Nd5 20.Nd7 Qa8 21.Qg4 Rcd8 22.Nxf8 Rxf8 23.Nd6 Na5
24.Nxb7 Qxb7 25.Bc3 Nc6 26.Bd2 Kh8 27.Bf4 Rfe8 28.Bd6 Nce7 29.Qh5 Kg8 30.Be4 h6
31.g4 f6 32.Re1 Qd7 33.h4 bxc5 34.dxc5 e5 35.g5 Nf4 36.Qf3 hxg5 37.hxg5 Nf5
38.gxf6 Nd4 39.Bd5+ Kh8 40.Qh1+ Nh3+ 41.Kf1 Qf5 42.fxg7+ Kxg7 43.Qg2+ Kf6
44.Be4 Qh5 45.Qh2 Rg8 46.Bg2 Rxd6 47.cxd6 Rxg2 48.Qxg2 Nf4 49.d7 Nde6 50.Rc6 Kf7
51.d8=Q Nxd8 52.Rc7+ Ke6 53.Qg8+ Nf7 54.Qxf7+ Qxf7 55.Rxf7 Kxf7 56.Rxe5  1-0

[Event "13th Fajr Open"]
[Site "Tehran IRI"]
[Date "2005.01.29"]
[Round "5"]
[White "Kaberi,J"]
[Black "Ghane,S"]
[Result "0-1"]
[WhiteElo "2200"]
[BlackElo "2397"]

1.Nf3 d5 2.g3 Bg4 3.Bg2 Nd7 4.d3 Ngf6 5.Nbd2 e6 6.O-O c6 7.Qe1 Bc5 8.e4 O-O
9.e5 Ne8 10.h3 Bh5 11.d4 Bb6 12.c3 f6 13.b3 Bc7 14.Ba3 Rf7 15.exf6 Qxf6 16.Qe3 Nd6
17.Ne5 Nf5 18.Nxd7 Rxd7 19.Qe1 e5 20.dxe5 Bxe5 21.Bb2 Rc8 22.Qc1 d4 23.f4 Bd6
24.g4 Ng3 25.c4 Bc5 26.Kh2 Nxf1+ 27.Nxf1 Qh4 28.gxh5  0-1

[Event "Gibraltar Masters"]
[Site "Caleta ENG"]
[Date "2005.01.30"]
[Round "6"]
[White "Mohamed,Ho"]
[Black "Coimbra,M"]
[Result "1/2-1/2"]
[WhiteElo "2233"]
[BlackElo "2081"]

1.Nf3 d5 2.g3 Nf6 3.Bg2 c6 4.O-O Bg4 5.c4 e6 6.d3 Bd6 7.Nc3 Nbd7 8.cxd5 cxd5
9.h3 Bxf3 10.Bxf3 O-O 11.Bg2 Rc8 12.e4 dxe4 13.dxe4 Bb4 14.Qe2 e5 15.Nd5 Bc5
16.Rd1 Nxd5 17.exd5 Qb6 18.Rd3 Qd6 19.Rb1 Rfe8 20.Be4 Nf6 21.Bg5  1/2-1/2

[Event "Bundesliga 2004-5"]
[Site "Erfurt GER"]
[Date "2005.01.30"]
[Round "9"]
[White "Teske,H"]
[Black "Mueller,Matt1"]
[Result "1-0"]
[WhiteElo "2538"]
[BlackElo "2362"]

1.Nf3 d5 2.g3 Nf6 3.Bg2 e6 4.O-O c5 5.c4 Nc6 6.cxd5 exd5 7.d4 Be7 8.Nc3 O-O
9.Bg5 cxd4 10.Nxd4 h6 11.Be3 Re8 12.Rc1 Bf8 13.Nxc6 bxc6 14.Bd4 Nh7 15.Na4 Bg4
16.Re1 Qd7 17.Bc5 Ng5 18.Bxf8 Kxf8 19.Qc2 Rac8 20.h4 Ne4 21.Nc5 Nxc5 22.Qxc5+ Kg8
23.e3 Qb7 24.Qd4 Bf5 25.Rc5 Be4 26.f3 Bg6 27.Kf2 Qa6 28.a3 Rb8 29.Bf1 Qc8
30.b4 Rb6 31.Rec1 Qe6 32.R1c3 Rd8 33.Rc1 Re8 34.a4 Reb8 35.b5 cxb5 36.axb5 Kh7
37.Qxd5 Qxd5 38.Rxd5 h5 39.Rd7 a6 40.bxa6 Rb2+ 41.Kg1 Ra2 42.e4 Rbb2 43.Rdc7 Ra3
44.R7c3 Raa2 45.Re3 Ra5 46.Bc4 Rb4 47.Rcc3 Rba4 48.e5 Rc5 49.Bxf7 Rxc3 50.Bxg6+ Kxg6
51.Rxc3 Rxa6 52.Kf2 Kf5 53.f4 Ra2+ 54.Kf3 Ra6 55.Rb3 Ra7 56.Ke3 Ra1 57.Kd4 Ra4+
58.Kd5 g5 59.hxg5 h4 60.gxh4 Rxf4 61.e6  1-0

[Event "Open"]
[Site "Geneva SUI"]
[Date "2005.01.30"]
[Round "9"]
[White "Markowski,T"]
[Black "Riazantsev,A"]
[Result "1/2-1/2"]
[WhiteElo "2570"]
[BlackElo "2596"]

1.g3 d5 2.Nf3 c6 3.Bg2 Nf6 4.O-O Bg4 5.d3 Nbd7 6.c4 e6 7.cxd5 exd5 8.Nc3 Be7
9.h3 Bxf3 10.Bxf3 d4 11.Ne4 Nxe4 12.Bxe4 a5 13.Bg2 O-O 14.Bd2 Qb6 15.Qc2 Rfe8
16.Bf4 Bf8 17.Rfc1 Re6 18.Rab1 Rae8 19.Bf1 Nf6  1/2-1/2

[Event "Gibraltar Masters"]
[Site "Caleta ENG"]
[Date "2005.01.31"]
[Round "7"]
[White "McNab,C"]
[Black "Postny,E"]
[Result "1/2-1/2"]
[WhiteElo "2440"]
[BlackElo "2557"]

1.Nf3 d5 2.g3 c6 3.Bg2 Bg4 4.d3 Nd7 5.h3 Bh5 6.O-O e6 7.b3 Bc5 8.Bb2 Ngf6
9.Nbd2 Qc7 10.d4 Bd6 11.c4 O-O 12.Rc1 Rad8 13.g4 Bg6 14.Nh4 Qb8 15.Nxg6 hxg6
16.e3 e5 17.cxd5 cxd5 18.dxe5 Bxe5 19.Ba3 Bd6 20.Bb2 Be5 21.Ba3 Bd6 22.Bb2 Bh2+
23.Kh1 Be5 24.Ba3 Bd6 25.Bb2 Be5  1/2-1/2

[Event "10th HIT Open A"]
[Site "Nova Gorica SLO"]
[Date "2005.02.02"]
[Round "8"]
[White "Tratar,M"]
[Black "Krumpacnik,D"]
[Result "1/2-1/2"]
[WhiteElo "2469"]
[BlackElo "2364"]

1.Nf3 d5 2.g3 Nf6 3.Bg2 Bf5 4.O-O e6 5.d3 h6 6.c4 c6 7.cxd5 cxd5 8.Qb3 Qb6
9.Qxb6 axb6 10.Nd4 Bg6 11.Nc3 Na6 12.Bf4 Nh5 13.Be3 Bc5 14.f4 Nf6 15.h3 Ke7
16.Ncb5 Rhc8 17.Rfc1 Ne8 18.a3 Nac7 19.Nxc7 Rxc7 20.b4 Bd6 21.Nb5 Rxc1+ 22.Rxc1 Ra6
23.Bd4 Kd7 24.e4 f6 25.Bb2 dxe4 26.dxe4 e5 27.Rd1 Ke7 28.Nxd6 Nxd6 29.fxe5 Nxe4
30.exf6+ gxf6 31.g4 b5 32.Bc1 Ke6 33.Bf1 Nd6 34.Re1+ Kf7 35.Bg2 h5 36.Bd5+ Kg7
37.Re7+ Kf8 38.Re6 Bf7 39.Rxf6 Ke7 40.Bxb7 Rb6 41.Rxf7+ Nxf7 42.Bg2 hxg4
43.hxg4 Rg6 44.Be3 Rxg4 45.Bc5+ Nd6 46.Kf2 Rg5 47.Bc6 Ke6 48.Kf3 Ke5 49.a4  1/2-1/2

[Event "31st ch-BAN"]
[Site "Dhaka BAN"]
[Date "2005.02.05"]
[Round "8"]
[White "Rahman,Zia"]
[Black "Hasan,Me"]
[Result "1-0"]
[WhiteElo "2523"]
[BlackElo "2282"]

1.Nf3 d5 2.g3 Nf6 3.Bg2 Bf5 4.O-O Nbd7 5.d3 e6 6.Nc3 Bc5 7.Qe1 e5 8.e4 dxe4
9.dxe4 Be6 10.b3 Qe7 11.Nh4 g6 12.Nd5 Bxd5 13.exd5 O-O 14.Bg5 e4 15.c4 Rfe8
16.Rd1 Qe5 17.Bf4 Qh5 18.b4 Bd6 19.Bxd6 cxd6 20.Qc3 Ng4 21.h3 Nxf2 22.Rde1 Nd3
23.Rxe4 Rxe4 24.Bxe4 N3e5 25.c5 Qe2 26.Bg2 Rc8 27.c6 Qb5 28.Qb3 bxc6 29.dxc6 Nb8
30.Nf3 Nbxc6 31.Ng5 Nd4 32.Qd5 Qxd5 33.Bxd5 Rc7 34.a4 Kg7 35.Rd1 Ne2+ 36.Kf2 Rc2
37.Be4 Rb2 38.Rb1 Rxb1 39.Bxb1 Nc3 40.Bc2 h6 41.Ne4 Nxe4+ 42.Bxe4 f5 43.Bc2 Kf6
44.Ke3 Nc6 45.b5 Nb4 46.Bb3 Ke5 47.a5 d5 48.a6 d4+ 49.Kd2 Kd6 50.b6 Nxa6
51.bxa7 Nc7 52.Bd1 f4 53.g4 Ke5 54.Bf3 h5 55.Kd3 Kd6 56.a8=R Nxa8 57.Bxa8 Ke5
58.Bf3 g5 59.Kc4 hxg4 60.hxg4 d3 61.Kxd3 Ke6 62.Ke4 Kf6 63.Kd5  1-0

[Event "5th It"]
[Site "Pulvermuehle GER"]
[Date "2005.02.06"]
[Round "3"]
[White "Meier,Geo"]
[Black "Braun,A"]
[Result "1-0"]
[WhiteElo "2372"]
[BlackElo "2463"]

1.Nf3 d5 2.g3 Nf6 3.Bg2 b5 4.O-O e6 5.d3 Bb7 6.c4 bxc4 7.dxc4 Nbd7 8.cxd5 exd5
9.Nc3 c5 10.Ng5 Nb6 11.e4 h6 12.e5 hxg5 13.Bxg5 Be7 14.exf6 gxf6 15.Bf4 Qd7
16.Rc1 d4 17.Ne4 Nd5 18.Re1 Kf8 19.Bd2 Rc8 20.b3 f5 21.Ng5 Nc3 22.Bxc3 Bxg2
23.Bxd4 cxd4 24.Rxc8+ Qxc8 25.Qxd4 Rh5 26.Nxf7 Be4 27.Ne5 Qa6 28.Rc1 Rxh2
29.f3 Rc2 30.Rxc2 Bxc2 31.Qd5 Ke8 32.Qg8+  1-0

[Event "XII TCh-RUS 1st League"]
[Site "Smolensk RUS"]
[Date "2005.02.06"]
[Round "5"]
[White "Loginov,Va"]
[Black "Rychagov,A"]
[Result "1/2-1/2"]
[WhiteElo "2507"]
[BlackElo "2546"]

1.Nf3 d5 2.g3 c6 3.Bg2 Bg4 4.c4 Nf6 5.Ne5 Bf5 6.cxd5 cxd5 7.Qa4+ Nc6 8.Nxc6 Qd7
9.Nc3 Qxc6 10.Qxc6+ bxc6 11.d3 e6 12.Bd2 Be7 13.Rc1 Rc8 14.O-O O-O 15.e4 Bg6
16.Be3 Ng4 17.Bf4 Bf6 18.Bh3 Ne5 19.Rfd1 Rfd8 20.d4 Nc4 21.e5 Be7 22.Na4 Nb6
23.Nc5 Bxc5 24.dxc5 Nd7 25.Bf1 Rb8 26.b3 Rb4 27.Bd2 Rd4 28.f4 f6 29.exf6 gxf6
30.Ba5 Rxd1 31.Rxd1 Rb8 32.b4 Bc2 33.Re1 Kf7 34.a3 e5 35.fxe5 Nxe5 36.Rc1 Ba4
37.Bc7 Re8 38.Be2 Kg6 39.Kf2 d4 40.Re1 Rc8 41.Bxe5 fxe5 42.Bd3+ Kf6 43.Bxh7 Rh8
44.Be4 Rh3 45.Kg2 Rh8 46.Rf1+ Ke6 47.g4 Bb5 48.Rf2 Bc4 49.g5 Rh4 50.Rf6+ Ke7
51.Bxc6 Rg4+ 52.Kf3 Rxg5 53.Rd6 Bd3 54.Be4 Bf1 55.Kf2 Bb5 56.a4 Bc4 57.b5 Rg4
58.Bd5 Rf4+ 59.Kg3 d3  1/2-1/2

[Event "31st ch-BAN"]
[Site "Dhaka BAN"]
[Date "2005.02.07"]
[Round "10"]
[White "Islam,AP"]
[Black "Abu Sufian,S"]
[Result "1-0"]
[WhiteElo "2198"]
[BlackElo "2270"]

1.Nf3 d5 2.g3 Nf6 3.Bg2 c6 4.d3 Bf5 5.O-O h6 6.Nbd2 e6 7.h3 Nbd7 8.Re1 Bh7
9.e4 dxe4 10.dxe4 e5 11.b3 Bc5 12.Bb2 Qc7 13.a3 a5 14.Nh4 O-O 15.Nf5 Rfe8
16.Qe2 Nf8 17.Nc4 b5 18.Nce3 Ne6 19.Ng4 Nxg4 20.Qxg4 Kf8 21.Rad1 Rad8 22.Bc1 Qa7
23.Ne3 Nd4 24.Kh2 f6 25.Rf1 Qe7 26.a4 bxa4 27.bxa4 Bb4 28.Rd3 Ne6 29.Rfd1 Nc5
30.Rxd8 Rxd8 31.Nf5 Bxf5 32.exf5 Rxd1 33.Qxd1 Nxa4 34.Bxc6 Nc3 35.Qd3 Qd6
36.Qa6 Qd8 37.Be3 Qc7 38.Bc5+ Kf7 39.Qc4+  1-0

[Event "ch-CZE"]
[Site "Karlovy Vary CZE"]
[Date "2005.02.07"]
[Round "7"]
[White "Jansa,Vl"]
[Black "Hracek,Z"]
[Result "1/2-1/2"]
[WhiteElo "2515"]
[BlackElo "2600"]

1.Nf3 d5 2.g3 c6 3.Bg2 Bg4 4.O-O Nd7 5.d4 Ngf6 6.Nbd2 e6 7.Re1 Be7 8.e4 Nxe4
9.Nxe4 dxe4 10.Rxe4 Nf6 11.Re1 O-O 12.c3 Qc7 13.Qb3 Bxf3 14.Bxf3 Rad8 15.a4  1/2-1/2

[Event "2nd LA Masters"]
[Site "Los Angeles USA"]
[Date "2005.02.07"]
[Round "4"]
[White "Matikozian,A"]
[Black "Akobian,V"]
[Result "0-1"]
[WhiteElo "2496"]
[BlackElo "2571"]

1.Nf3 d5 2.g3 c6 3.Bg2 Bg4 4.O-O Nd7 5.d3 Ngf6 6.Nbd2 e5 7.e4 dxe4 8.dxe4 Qc7
9.h3 Bh5 10.Qe1 Bc5 11.Nb3 Bb6 12.a4 a5 13.Be3 O-O 14.Nfd2 Ne8 15.Nc4 Bxe3
16.Qxe3 Nd6 17.Nxd6 Qxd6 18.Bf3 Bxf3 19.Qxf3 Nf6 20.Kg2 Qb4 21.Rfe1 Rad8
22.Qc3 Qxc3 23.bxc3 b6 24.Kf3 Ne8 25.Red1 Nd6 26.Rd2 Nc4 27.Rd3 Nb2 28.Rd2 g6
29.Ke2 Nc4 30.Rd3 f5 31.exf5 gxf5 32.Nd2 Nxd2 33.Kxd2 Kf7 34.Rb1 Rxd3+ 35.cxd3 Rb8
36.c4 Ke6 37.Ke3 Kd6 38.d4 exd4+ 39.Kxd4 c5+ 40.Ke3 Kc6 41.Kf4 Rd8 42.Kxf5 Rf8+
43.Kg5 Rxf2 44.Re1 Ra2 45.Re6+ Kb7 46.Re7+ Ka6 47.Rxh7 Rxa4 48.Rh4 Ra1 49.Rf4 a4
50.h4 b5 51.cxb5+ Kxb5 52.h5 a3 53.h6 Rh1 54.Rf2 c4 55.Kg6 Kb4 56.h7 Kb3
57.Rf8 c3 58.Rb8+ Ka2 59.Rc8 Kb3 60.Rb8+ Kc2 61.Ra8 Kb2 62.Rb8+ Ka1 63.Rc8 a2
64.Kg7 Kb2 65.Rb8+ Kc2 66.Ra8 Kb2 67.Rb8+ Kc2 68.Ra8 Kb3 69.Rb8+ Kc4  0-1

[Event "ch-POL u-20"]
[Site "Sroda Wlkp. POL"]
[Date "2005.02.08"]
[Round "11"]
[White "Skalski,M"]
[Black "Warakomski,T"]
[Result "0-1"]
[WhiteElo "2350"]
[BlackElo "2397"]

1.Nf3 d5 2.g3 Nf6 3.Bg2 c6 4.O-O Bg4 5.d3 Nbd7 6.c4 e6 7.Nc3 Be7 8.cxd5 exd5
9.Qc2 O-O 10.e4 Bd6 11.h3 Bh5 12.Nh4 dxe4 13.dxe4 Re8 14.f4 Rc8 15.e5 Bc5+
16.Kh2 Nd5 17.Ne4 Bf8 18.Ng5 Bg6 19.f5 Bh5 20.g4 Bxg4 21.hxg4 Nxe5 22.Kh3 Be7
23.Nhf3 Nd3 24.Ne4 Bb4 25.Ng3 Qd6 26.Rd1 Nxc1 27.Raxc1 Qh6+ 28.Nh5 g6 29.Rxd5 cxd5
30.Qxc8 Rxc8 31.Rxc8+ Bf8 32.f6 gxh5 33.g5 Qg6 34.Kh2 Qf5 35.Rd8 h6 36.gxh6 Qxf6
37.h7+ Kxh7 38.Rxd5 Kh6  0-1

[Event "Bundesliga 2004-5"]
[Site "Erfurt GER"]
[Date "2005.02.12"]
[Round "10"]
[White "Troyke,C"]
[Black "Souleidis,G"]
[Result "1/2-1/2"]
[WhiteElo "2334"]
[BlackElo "2401"]

1.g3 d5 2.Nf3 Nc6 3.c4 d4 4.Bg2 g6 5.O-O Bg7 6.d3 e5 7.Na3 Nge7 8.Nc2 a5
9.e3 O-O 10.exd4 exd4 11.Re1 h6 12.b3 Nb4 13.a3 Nxc2 14.Qxc2 c5 15.Rb1 Nc6
16.Bd2 Ra6 17.b4 axb4 18.axb4 cxb4 19.Bxb4 Nxb4 20.Rxb4 Re8 21.Rbb1 Rae6
22.Rxe6 Rxe6 23.Nd2 Qa5 24.Ne4 f5 25.Nd2 Re2 26.Nb3 Re1+ 27.Bf1 Qb4 28.Rxe1 Qxe1
29.Qe2 Qxe2 30.Bxe2 Kf7 31.Nc5 Be5 32.Kf1 b6 33.Nb3 g5 34.Bf3 Bd7 35.h3 Ke7
36.Ke2 Ba4 37.Nd2 Bd6 38.Bd5 Kf6 39.Nf3 Bc5 40.Bb7 Bd7 41.Nd2 Bb4 42.Bg2 Ke6
43.Bd5+ Kd6 44.Bg2 Bxd2 45.Kxd2 Ke5 46.Bf3 f4 47.g4 h5 48.Ke2 hxg4 49.hxg4 Kd6
50.Kd2 Ke5 51.Ke2 b5 52.cxb5 Bxb5 53.Be4 Bd7 54.f3 Be6  1/2-1/2

[Event "21st Open"]
[Site "Cappelle la Grande FRA"]
[Date "2005.02.14"]
[Round "3"]
[White "Montagard,G"]
[Black "Skatchkov,P"]
[Result "1/2-1/2"]
[WhiteElo "2178"]
[BlackElo "2483"]

1.Nf3 d5 2.g3 Nf6 3.Bg2 c5 4.O-O Nc6 5.d4 e6 6.c3 Bd6 7.dxc5 Bxc5 8.b4 Bd6
9.Bb2 O-O 10.Nbd2 Bd7 11.a3 b5 12.Nd4 Qb6 13.Nxc6 Bxc6 14.e4 Rfd8 15.exd5 Bxd5
16.c4 Bxg2 17.Kxg2 Qb7+ 18.Qf3 Qxf3+ 19.Kxf3 Bxb4 20.axb4 Rxd2 21.Bxf6 gxf6
22.cxb5 Rb8 23.Rxa7 Rxb5 24.Rc1 Rxb4 25.Rcc7 Rb3+ 26.Kg4 h5+ 27.Kxh5 Rxf2
28.Rxf7 Rb5+ 29.Kh4 Rxh2+ 30.Kg4 Rb4+ 31.Kf3 Rb3+ 32.Kg4 Rh6 33.Rfe7 Kf8
34.Rec7 Rb8 35.Rf7+ Kg8 36.Rfe7 Rf8 37.Kf4 e5+ 38.Kf3 Kh8 39.Rab7 Rg8 40.Kg2 Ra8
41.Kf3 Rg6 42.Rh7+ Kg8 43.Rhe7 Rg5 44.Kf2 Rh5 45.Rg7+ Kh8 46.Rgf7 Rh6 47.Rb6 Ra2+
48.Ke3 Ra3+ 49.Kf2 Ra2+ 50.Ke3 Ra3+ 51.Kf2 Kg8 52.Rbxf6 Rh2+ 53.Kg1 Re2 54.Rf8+ Kg7
55.R8f7+ Kg8 56.Rf8+  1/2-1/2

[Event "21st Open"]
[Site "Cappelle la Grande FRA"]
[Date "2005.02.15"]
[Round "5"]
[White "Giffard,N"]
[Black "Klovans,J"]
[Result "0-1"]
[WhiteElo "2348"]
[BlackElo "2477"]

1.Nf3 d5 2.g3 Nf6 3.Bg2 e6 4.O-O Be7 5.d3 c5 6.Nbd2 Nc6 7.e4 b6 8.Re1 Bb7
9.exd5 exd5 10.d4 O-O 11.c3 Re8 12.Nb3 c4 13.Nbd2 b5 14.Ne5 Nxe5 15.dxe5 Nd7
16.Nf3 Nc5 17.Be3 b4 18.Re2 Qa5 19.cxb4 Qxb4 20.Bd4 Rad8 21.Bc3 Qb6 22.Nd4 Nd3
23.Qd2 Bf8 24.Nf5 Qg6 25.Nh4 Qa6 26.Bd4 Nc5 27.Ree1 Ne6 28.Nf3 Nxd4 29.Nxd4 Qb6
30.a3 Bc5 31.Rad1 f6 32.Nf3 Kh8 33.h4 d4 34.exf6 Qxf6 35.Ng5 Bxg2 36.Kxg2 h6
37.Ne4 Qc6 38.f3 d3 39.Rc1 Qb5 40.Nxc5 Rxe1 41.Rxe1 Qxc5 42.Qf2 Qxf2+ 43.Kxf2 Rb8  0-1

[Event "XI Open"]
[Site "Coria del Rio BRA"]
[Date "2005.02.15"]
[Round "6"]
[White "Belezky,S"]
[Black "Tscharotschkin,M"]
[Result "1-0"]
[WhiteElo "2399"]
[BlackElo "2202"]

1.Nf3 d5 2.g3 Bg4 3.Bg2 Nd7 4.d3 e6 5.O-O Bd6 6.Nbd2 Ngf6 7.b3 O-O 8.Bb2 e5
9.e4 dxe4 10.dxe4 Qe7 11.a3 Rad8 12.Qe1 Bxf3 13.Bxf3 Nb6 14.Qe2 c6 15.Rfe1 Qe6
16.Nf1 a5 17.Ne3 g6 18.Bc3 Ra8 19.Kg2 Qe7 20.Bb2 a4 21.b4 Rad8 22.c4 Bc7
23.c5 Nbd7 24.Qc2 Ra8 25.Rad1 Rfd8 26.Nc4 Qe6 27.Re3 Nf8 28.Rxd8 Rxd8 29.Rd3 Rxd3
30.Qxd3 N8d7 31.Bd1 b5 32.cxb6 Nxb6 33.Nxb6 Bxb6 34.Bxa4 Nd7 35.Bb3 Qe7 36.Qc4 Qf6
37.f4 h5 38.h4 Be3 39.Qd3 Bd4 40.Bxd4 exd4 41.e5  1-0

[Event "Aeroflot Open B"]
[Site "Moscow RUS"]
[Date "2005.02.16"]
[Round "2"]
[White "Obukhov,A"]
[Black "Wang Hao"]
[Result "0-1"]
[WhiteElo "2517"]
[BlackElo "2457"]

1.Nf3 d5 2.g3 Bg4 3.Bg2 Nd7 4.c4 e6 5.cxd5 exd5 6.O-O Ngf6 7.d3 c6 8.Qc2 Bc5
9.e4 O-O 10.Nh4 Re8 11.h3 Bh5 12.Kh2 Bb6 13.f4 dxe4 14.dxe4 Nc5 15.Nc3 Ne6
16.e5 Nd5 17.Nxd5 cxd5 18.Qd3 Nd4 19.Bf3 Nxf3+ 20.Nxf3 Bxf3 21.Qxf3 Rc8 22.Be3 d4
23.Bg1 Rc2+ 24.Rf2 d3 25.Rxc2 dxc2 26.Qe2 Qc7 27.Rc1 Bxg1+ 28.Kxg1 Rc8 29.Kh2 Qc6
30.a3 g6 31.h4 b5  0-1